Loading...
| Auditory Arts | 5 | 18.00 | 100% | 80% | 0% |
| Beliefs | 6 | 13.33 | 83% | 33% | 17% |
| Current Events | 3 | 16.67 | 100% | 67% | 0% |
| Fine Arts - Other Arts | 8 | 15.00 | 88% | 38% | 25% |
| History - American History | 4 | 22.50 | 100% | 75% | 50% |
| History - Ancient History | 3 | 13.33 | 67% | 67% | 0% |
| History - European History | 3 | 20.00 | 100% | 100% | 0% |
| History - Other History | 1 | 20.00 | 100% | 100% | 0% |
| History - World History | 4 | 22.50 | 100% | 100% | 25% |
| Literature - American Literature | 3 | 36.67 | 200% | 100% | 67% |
| Literature - British Literature | 7 | 20.00 | 100% | 71% | 29% |
| Literature - European Literature | 6 | 16.67 | 100% | 67% | 0% |
| Literature - World Literature | 3 | 20.00 | 67% | 67% | 67% |
| Other Academic | 1 | 0.00 | 0% | 0% | 0% |
| Philosophy | 3 | 10.00 | 100% | 0% | 0% |
| Science - Biology | 4 | 15.00 | 100% | 50% | 0% |
| Science - Chemistry | 6 | 15.00 | 100% | 50% | 0% |
| Science - Other Science | 4 | 17.50 | 100% | 50% | 25% |
| Science - Physics | 5 | 18.00 | 80% | 80% | 20% |
| Social Science | 6 | 15.00 | 83% | 67% | 0% |
| Visual Arts | 2 | 20.00 | 100% | 50% | 50% |